000 00728nam a22002057a 4500
999 _c2434
_d2434
003 AR-CdUCM
008 190304b ||||| |||| 00| 0 spa d
040 _aMUNICIPALIDAD PROVINCIAL DEL CUSCO
_cBIBLIOTECA MUNICIPAL DEL CUSCO
082 _a348.41 /
_bP27
100 _aPasara, Luis
_98736
245 _aReforma agraria :
_bderecho y conflicto /
260 _aLima :
_bIEP,
_c1978.
300 _a189 pƔginas ;
_c20 cm.
505 _aRuptura del derecho en la reforma agraria -- Redefinición de la propiedad -- La alternativa judicial --Lucha por la tierra...
650 _aReforma agraria.
_91861
650 _aLucha por la tierra.
_98737
650 _aLa propiedad.
_98738
942 _2ddc
_cLIBROS
945 _awfj
_d2019-03-04